A history of modern France 3V. V1: Old regime and revolution and 1715-1799. V2:From the first empire to the second empire 1799-1871. V3:France of the republic 1871-1962 (Record no. 197245)
[ view plain ]
| 000 -LEADER | |
|---|---|
| fixed length control field | 00512nam a2200145Ia 4500 |
| 008 - FIXED-LENGTH DATA ELEMENTS--GENERAL INFORMATION | |
| fixed length control field | 230917s9999||||xx |||||||||||||| ||und|| |
| 040 ## - CATALOGING SOURCE | |
| -- | 42262 |
| Original cataloging agency | VIVEKANANDA LIBRARY |
| 041 ## - Language | |
| -- | English |
| 082 ## - DDC NUMBER | |
| Classification number | 944.04 C634H |
| 100 ## - MAIN ENTRY--PERSONAL NAME | |
| Personal name | Cobban, Alfred |
| 245 #2 - TITLE STATEMENT | |
| Title | A history of modern France 3V. V1: Old regime and revolution and 1715-1799. V2:From the first empire to the second empire 1799-1871. V3:France of the republic 1871-1962 |
| 260 ## - PUBLICATION, DISTRIBUTION, ETC. (IMPRINT) | |
| Place of publication, distribution, etc | Harmondsworth |
| Name of publisher, distributor, etc | Penguin Books |
| Date of publication, distribution, etc | 1977 |
| 300 ## - PHYSICAL DESCRIPTION | |
| Pages | 292 p. ; 271 ; 246 |
| 942 ## - ADDED ENTRY ELEMENTS (KOHA) | |
| Koha item type | Books |
| Withdrawn status | Lost status | Damaged status | Not for loan | Location (home branch) | Sublocation or collection (holding branch) | Date acquired | Koha issues (times borrowed) | Koha full call number | Accession No. | Koha date last seen | Koha item type |
|---|---|---|---|---|---|---|---|---|---|---|---|
| VIVEKANANDA LIBRARY | VIVEKANANDA LIBRARY | 12/11/2002 | 944.04 C634H | 55545 | 17/09/2023 | Books | |||||
| VIVEKANANDA LIBRARY | VIVEKANANDA LIBRARY | 12/11/2002 | 944.04 C634H | 55546 | 17/09/2023 | Books | |||||
| VIVEKANANDA LIBRARY | VIVEKANANDA LIBRARY | 12/11/2002 | 944.04 C634H | 55547 | 17/09/2023 | Books | |||||
| VIVEKANANDA LIBRARY | VIVEKANANDA LIBRARY | 12/11/2002 | 944.04 C634H | 55936 | 17/09/2023 | Books |
